00199nam a2200073Ia 4500008004100000082000800041100001800049245005800067240331s9999 xx 000 0 und d bDES aDe Silva, H.L 3aAn appraisal of the federal Alternative for Sri Lanka